000 00307nam a22001097a 4500
082 _a001.94
_bKAR
100 _aKarim, Dr. Fazal
245 _aScience k Purisrar Waqiyat aur Inkishafaat
260 _6Lahore
_aFeroze Sons Ltd
_c2009
942 _2ddc
_cBK
999 _c541202
_d541202